Corporate finance : An introduction to principles and practices

Spremljeno u:
Bibliografski detalji
Glavni autor: Kristein, Marvin M.
Format: Knjiga
Jezik:Undetermined
Izdano: New York Barnes and Noble Books 1969
Teme:
Oznake: Dodaj oznaku
Bez oznaka, Budi prvi tko označuje ovaj zapis!
Thư viện lưu trữ: Trung tâm Học liệu Trường Đại học Cần Thơ
LEADER 00553nam a2200205Ia 4500
001 CTU_86172
008 210402s9999 xx 000 0 und d
082 |a 658.1 
082 |b K89 
100 |a Kristein, Marvin M. 
245 0 |a Corporate finance : 
245 3 |b An introduction to principles and practices 
245 0 |c Marvin M. Kristein 
260 |a New York 
260 |b Barnes and Noble Books 
260 |c 1969 
650 |a Corporations 
650 |x Finance 
904 |i Năm 
980 |a Trung tâm Học liệu Trường Đại học Cần Thơ